| 000 | 00567nam a22001697a 4500 | ||
|---|---|---|---|
| 005 | 20251108165341.0 | ||
| 008 | 250721s1989 xx 000 0 ara d | ||
| 082 | 1 | 4 | _a961.2/سال |
| 100 | 1 | _aالحجاجي، سالم علي | |
| 245 | 1 | 0 |
_aليبيا الجديدة : _bدراسة جغرافية ، إجتماعية ، إقتصادية و سياسية / |
| 250 | _aط2 | ||
| 264 | 1 |
_aطرابلس ( ليبيا ) : _bمجمع الفاتح للجامعات، _c1989. |
|
| 300 | _a308ص | ||
| 650 | 1 | 7 | _aتاريخ ليبيا |
| 942 |
_2ddc _cBK |
||
| 999 |
_c25760 _d25760 |
||